000 00522nam a2200205Ia 4500
003 GCL
008 140319s9999 xx 000 0 eng d
040 _aGCL /
_cGCL
082 0 4 _a760.9
_bB G
100 1 _aBERSIER, JEAN E
245 1 0 _aLA GRAVURE, LES PROCEDES, L'HISTOIRE /
_cBERSIER, JEAN E
260 _a[S.N] :
_bBERGER - LEVRAULT ،
_c1980
300 _a423 PP
650 0 4 _aART
650 0 4 _aLITHOGRAPHY
650 0 4 _aGRAPHIC - HISTORY
650 0 4 _aTYPOGRAPHY
650 0 4 _aPRINTMAKING
942 _2ddc
_cBK
999 _c18185
_d18185